Name a Valid MLB Team 2 - Statistics

General Stats
  • This quiz has been taken 27 times
  • The average score is 15 of 20
Answer Stats
Name an MLB team... # Answer % Correct
Who have won a World Series since the start of the 2020 season 4 Dodgers | Braves | Astros | Rangers
100%
that a catcher has won an MVP for 8 Tigers | Cubs | Reds | Dodgers | Yankees | Rangers | Twins | Giants
90%
who play at a ballpark named simply after their team name 3 Yankees | Angels | Dodgers
90%
that have LOST 10 or more World Series 3 Dodgers | Yankees | Giants
86%
that Aroldis Chapman has played for 7 Reds | Cubs | Yankees | Royals | Rangers | Pirates | Red Sox
86%
that do not have a conventional mascot 2 Yankees | Angels
86%
whose basic cap is not black or blue 7 Athletics | Phillies | Nationals | Cardinals | Reds | Padres | Angels
81%
that have exactly 1 World Series championship 4 Rangers | Angels | Nationals | Diamondbacks
81%
that has been managed by Joe Maddon 3 Angels | Rays | Cubs
76%
that don't share their city/region with an NFL team (not including the A's) 3 Blue Jays | Cardinals | Padres
76%
whose ballpark is named after an alcohol producer 2 Cardinals | Rockies
76%
that have an existing playoff win drought of 10 years or longer 3 Angels | Orioles | Pirates
71%
who are one of the most recent 3 teams to relocate 3 Athletics | Nationals | Rangers
71%
that have never had the #1 pick in the Draft 7 Blue Jays | Cardinals | Dodgers | Giants | Reds | Red Sox | Rockies
71%
that a player with over 600 career saves has played for 3 Marlins | Padres | Brewers | Yankees
71%
that had an NL MVP winner from 1990-1999 8 Pirates | Braves | Giants | Astros | Reds | Padres | Rockies | Cubs
71%
that Ken Caminiti played for 4 Astros | Padres | Rangers | Braves
67%
that have never had an MVP 3 Diamondbacks | Mets | Rays
62%
that don't have a Hall of Fame player wearing their cap 2 Marlins | Rays
48%
whose hat does not have a letter on it 1 Blue Jays
43%
No matching quizzes found
Score Distribution
Percent of People with Each Score
Percentile by Number Answered
Your Score History
You have not taken this quiz